<?xml version="1.0" encoding="UTF-8"?><?xml-stylesheet type="text/xsl" href="static/style.xsl"?><OAI-PMH xmlns="http://www.openarchives.org/OAI/2.0/" xmlns:xsi="http://www.w3.org/2001/XMLSchema-instance" xsi:schemaLocation="http://www.openarchives.org/OAI/2.0/ http://www.openarchives.org/OAI/2.0/OAI-PMH.xsd"><responseDate>2026-04-27T19:55:35Z</responseDate><request verb="GetRecord" identifier="oai:uvadoc.uva.es:10324/29149" metadataPrefix="marc">https://uvadoc.uva.es/oai/request</request><GetRecord><record><header><identifier>oai:uvadoc.uva.es:10324/29149</identifier><datestamp>2025-11-25T11:43:36Z</datestamp><setSpec>com_10324_28708</setSpec><setSpec>com_10324_954</setSpec><setSpec>com_10324_894</setSpec><setSpec>col_10324_28709</setSpec></header><metadata><record xmlns="http://www.loc.gov/MARC21/slim" xmlns:doc="http://www.lyncode.com/xoai" xmlns:xsi="http://www.w3.org/2001/XMLSchema-instance" xmlns:dcterms="http://purl.org/dc/terms/" xsi:schemaLocation="http://www.loc.gov/MARC21/slim http://www.loc.gov/standards/marcxml/schema/MARC21slim.xsd">
<leader>00925njm 22002777a 4500</leader>
<datafield tag="042" ind1=" " ind2=" ">
<subfield code="a">dc</subfield>
</datafield>
<datafield tag="720" ind1=" " ind2=" ">
<subfield code="a">Álvarez González, Celedonio Manuel</subfield>
<subfield code="e">author</subfield>
</datafield>
<datafield tag="720" ind1=" " ind2=" ">
<subfield code="a">Álvarez Miguel, Lucía</subfield>
<subfield code="e">author</subfield>
</datafield>
<datafield tag="720" ind1=" " ind2=" ">
<subfield code="a">García Rodríguez, Raúl</subfield>
<subfield code="e">author</subfield>
</datafield>
<datafield tag="720" ind1=" " ind2=" ">
<subfield code="a">Martín Álvarez, José Miguel</subfield>
<subfield code="e">author</subfield>
</datafield>
<datafield tag="720" ind1=" " ind2=" ">
<subfield code="a">Miguel San José, Daniel</subfield>
<subfield code="e">author</subfield>
</datafield>
<datafield tag="260" ind1=" " ind2=" ">
<subfield code="c">2015</subfield>
</datafield>
<datafield tag="520" ind1=" " ind2=" ">
<subfield code="a">The coordination of the easily prepared 3‐(pyridin‐2‐yl)imidazo[1,5‐a]pyridine (pyridylindolizine, Py‐indz) ligand to several metal moieties was studied, and its electronic properties, similar to those of the classical ligands 2,2′‐bipyridine (bipy) and 1,10‐phenanthroline (phen), are reported. The new complexes were prepared and fully characterized by X‐ray crystallography and other typical spectroscopic methods if possible. Paramagnetic complexes [Ni(S2X)2(Py‐indz)] X = P(OEt)2 (1), COEt (2); [Ni(acac)2(Py‐indz)] (3, acac = acetylacetonate); [Ni(Py‐indz)3](PF6)2 (4); [Mn2Cl4(Py‐indz)2] (6); and [MnCl2(Py‐indz)2] (7) have the magnetic moment expected for a metallic cation with two or five unpaired electrons. Diamagnetic complexes show NMR spectra with similar patterns with small differences depending on the complex. [M{S2P(OEt)2}2 (Py‐indz)] M = Zn (8), Cd (9) have pentacoordinate and hexacoordinate structures, respectively. Octahedral tin complexes [SnL4(Py‐indz)] L4 = I4 (10), Cl3Ph (11), and Cl2nBu2 (12) have different behaviors in solution; whereas complex 10 is practically insoluble, complex 11 displays the expected pattern in its NMR spectrum, and complex 12 shows dynamic behavior. The Py‐indz ligand is also able to stabilize copper(I) and forms [Cu(PPh3)2(Py‐indz)]BF4 (13). The synthesis of the carbonyl complexes [MBr(CO)3(Py‐indz)] M = Mn (14), Re (15) and [Mo(CO)4(Py‐indz)] (16) was followed by IR spectroscopy in solution. [RuCl·p‐cym(Py‐indz)]PF6 (17, p‐cym = p‐cymene) has the familiar half‐sandwich “three‐legged piano‐stool” geometry.</subfield>
</datafield>
<datafield tag="024" ind2=" " ind1="8">
<subfield code="a">European Journal of Inorganic Chemistry, 2015, volume 2015, Issue29 , Pages 4921-4934</subfield>
</datafield>
<datafield tag="024" ind2=" " ind1="8">
<subfield code="a">1434-1948</subfield>
</datafield>
<datafield tag="024" ind2=" " ind1="8">
<subfield code="a">http://uvadoc.uva.es/handle/10324/29149</subfield>
</datafield>
<datafield tag="024" ind2=" " ind1="8">
<subfield code="a">10.1002/ejic.201500776</subfield>
</datafield>
<datafield tag="024" ind2=" " ind1="8">
<subfield code="a">European Journal of Inorganic Chemistry</subfield>
</datafield>
<datafield tag="245" ind1="0" ind2="0">
<subfield code="a">3‐(Pyridin‐2‐yl)imidazo[1,5‐a]pyridine (Pyridylindolizine) as Ligand in Complexes of Transition and Main‐Group Metals</subfield>
</datafield>
</record></metadata></record></GetRecord></OAI-PMH>